Posúdenie vplyvu tepelného spracovania na kvalitu povrchových vrstiev hliníkového odliatku = Assessment of the thermal prossessing effect on quality of surface layers of alluminium cast : Diplomová práca

Saved in:
Bibliographic Details
Main Author: Greising, Marcel (Author)
Other Authors: Trnková, Lýdia (xxx)
Format: Manuscript Book
Language:Slovak
Published: Trnava : STU v Bratislave MTF UMAT, 2007
Subjects:
Tags: Add Tag
No Tags, Be the first to tag this record!

MARC

LEADER 00000ntm a22000003a 4500
001 stu157051
005 20160719155848.8
008 080204s2007----xo------------------slo-d
040 |a STU  |b slo 
041 0 |a slo 
044 |a xo 
100 1 |a Greising, Marcel  |4 aut 
245 1 |a Posúdenie vplyvu tepelného spracovania na kvalitu povrchových vrstiev hliníkového odliatku = Assessment of the thermal prossessing effect on quality of surface layers of alluminium cast :  |b Diplomová práca 
260 |a Trnava :  |b STU v Bratislave MTF UMAT,  |c 2007 
300 |a 64 s  |c 1 CD-ROM 
500 |a Program: technické materiály 
650 7 |a silumín  |2 stusub 
650 7 |a povrchové vrstvy  |2 stusub 
700 1 |a Trnková, Lýdia  |4 xxx  |u M130  |U MTF Materiálovotechnologická fakulta  |T MTF Katedra materiálového inžinierstva  |U M130  |Y 481 
996 |b 284M067185  |c M*DP-6947  |l MMSKP  |s P  |a 0  |w stu157051_0001